[Event "XLV C.to Torinese Assoluto 2000"]
[Site "Torino ITA"]
[Date "2001.01.??"]
[Round "?"]
[White "Ricca, Roberto"]
[Black "Mordiglia, Riccardo"]
[WhiteElo "2100"]
[BlackElo "2102"]
[Result "1-0"]
[PlyCount "89"]
[EventDate "2001.01.19"]

1. f4 e5 2. e4 exf4 3. Nc3 Qh4+ 4. Ke2 d5 5. Nf3 Bg4 6. Nxd5 Nc6 7. Nxc7+ Kd8
8. Nxa8 f5 9. Qe1 Nd4+ 10. Kd1 Qxe1+ 11. Kxe1 Nxc2+ 12. Kd1 Nxa1 13. e5 Bc5 14.
Be2 Ne7 15. b4 Bxf3 16. Bxf3 Bd4 17. Bxb7 Bxe5 18. d4 Bxd4 19. Bxf4 Ng6 20.
Bg5+ Kd7 21. Kc1 Rb8 22. Rd1 Rxb7 23. Rxd4+ Kc6 24. Kb2 Rb8 25. Kxa1 Rxa8 26.
a4 Re8 27. Kb2 h6 28. Bc1 Re2+ 29. Rd2 Re1 30. Rf2 Ne5 31. Bd2 Rg1 32. Kc3 Ng4
33. Rxf5 Rxg2 34. Rf7 Nxh2 35. Rxa7 Nf1 36. Bf4 Rg4 37. Rf7 h5 38. Be5 h4 39.
Rxf1 Re4 40. Bd4 g5 41. Rf5 g4 42. b5+ Kd6 43. b6 Kc6 44. Rf6+ Kb7 45. Rf7+ 1-0